| 000 | 00408nam a22001457a 4500 | ||
|---|---|---|---|
| 020 | _qHB. | ||
| 040 | _cFIZZA ISHAQ | ||
| 082 |
_a942 _bHAM |
||
| 100 |
_a Hamilton , Ronald. _9134038 |
||
| 245 |
_aThe Visitor's History of Britain / _c Ronald Hamilton. |
||
| 250 | _aFirst Edition. | ||
| 260 |
_aNew York: _bHoughton Mifflin Company , _c1964. |
||
| 300 |
_a217 p. ; _c8 x 5.3 x 0.9 inches, |
||
| 942 |
_2ddc _cBK |
||
| 999 |
_c616965 _d616965 |
||